Systems, methods, and apparatus for multilayer superconducting printed circuit boards

Podrobná bibliografie
Hlavní autor: Uchaykin S. V. Sergey Victorovich
Korporativní autor: D-Wave Systems Inc.
Shrnutí:Title screen
A superconducting printed circuit board, comprising a first electrically insulative substrate layer having a first surface and a second surface opposed to the first surface, at least a second electrically insulative substrate layer having a first surface and a second surface opposed to the first surface, the second electrically insulative substrate layer physically coupled to the first electrically insulative substrate layer, a first superconducting current path positioned on a first surface side of the first electrically insulative substrate layer, a second superconducting current path positioned between the first and second electrically insulative layer, and a third superconducting current path that extends through the first electrically insulative substrate layer and superconducting couples the first superconducting current path with the second superconducting current path.
Jazyk:angličtina
Vydáno:
Témata:
On-line přístup:https://worldwide.espacenet.com/publicationDetails/biblio?DB=EPODOC&II=0&ND=3&adjacent=true&locale=ru_ru&FT=D&date=20090416&CC=WO&NR=2009046546A1&KC=A1#
Médium: MixedMaterials Elektronický zdroj Kniha
KOHA link:https://koha.lib.tpu.ru/cgi-bin/koha/opac-detail.pl?biblionumber=637202

MARC

LEADER 00000nlm0a2200000 4500
001 637202
005 20231101133941.0
029 1 0 |a US  |b WO2009046546  |c Pat.  |d МПК H05 K 1/11  |d МПК H05 K 1/09  |d МПК H01 B 12/06  |d МПК H05 K 3/40  |d ECLA H05 K 3/429  |d ECLA H05 K 3/24  |d ECLA H01 L 39/14  |d ECLA H05 K 2201/09627  |d ECLA H05 K 1/09  |d ECLA H05 K 1/115  |d ECLA H05 K 2201/0391  |d EPO H05 K 3/24  |d EPO H05 K 1/09  |d EPO H05K 3/42M  |d EPO H01 L 39/14 
035 |a (RuTPU)RU\TPU\network\1299 
035 |a RU\TPU\network\1289 
039 0 |a US  |b PCT/CA2008/001819  |c 20081009 
090 |a 637202 
100 |a 20140604j20090416k y0engy50 ba 
101 0 |a eng 
102 |a US 
105 |a a k 000zy 
135 |a drcn ---uucaa 
181 0 |a i  
182 0 |a b 
200 1 |a Systems, methods, and apparatus for multilayer superconducting printed circuit boards  |f S. V. Uchaykin 
203 |a Text  |c electronic 
300 |a Title screen 
330 |a A superconducting printed circuit board, comprising a first electrically insulative substrate layer having a first surface and a second surface opposed to the first surface, at least a second electrically insulative substrate layer having a first surface and a second surface opposed to the first surface, the second electrically insulative substrate layer physically coupled to the first electrically insulative substrate layer, a first superconducting current path positioned on a first surface side of the first electrically insulative substrate layer, a second superconducting current path positioned between the first and second electrically insulative layer, and a third superconducting current path that extends through the first electrically insulative substrate layer and superconducting couples the first superconducting current path with the second superconducting current path. 
610 1 |a труды учёных ТПУ 
610 1 |a электронный ресурс 
610 1 |a патенты 
700 1 |a Uchaykin  |b S. V.  |c specialist in the field of non-destructive testing  |c Engineer of Tomsk Polytechnic University, Doctor of physical and mathematical sciences  |f 1963-  |g Sergey Victorovich  |2 stltpush  |3 (RuTPU)RU\TPU\pers\32279 
712 0 2 |a D-Wave Systems Inc. 
801 2 |a RU  |b 63413507  |c 20170306  |g RCR 
856 4 |u https://worldwide.espacenet.com/publicationDetails/biblio?DB=EPODOC&II=0&ND=3&adjacent=true&locale=ru_ru&FT=D&date=20090416&CC=WO&NR=2009046546A1&KC=A1# 
942 |c CF